000
00361nam a2200157Ia 4500
008
151213s9999 xx 000 0 und d
100
_a
B. Biswas
245
_a
V. S. Naipaul
_c
B. Biswas
250
_a
1st
260
_a
England
_b
Penguing Book
_c
1961
300
_a
4221 p.
650
_a
Adventure
650
_a
Reference
700
_a
B. Biswas
999
_c
2645
_d
2645